000 00601nam a2200229 i 4500
001 C2-0028105
003 PPAK
005 20190630222012.0
008 970205s1989 enka|||| ||||| | eng d
020 _a0600579530
040 _aPPAK
_beng
_cPPAK
_erda
082 0 4 _a798.23
_223
090 0 0 _a798.23
_bCOM
_dR
245 0 4 _aThe complete book of riding
264 1 _aLondon :
_bHamlyn ,
_c1989
300 _a176 pages :
_bcolour illustrations ;
_c30 cm
336 _2rdacontent
_atext
337 _2rdamedia
_aunmediated
338 _2rdacarrier
_avolume
650 1 0 _aHorsemanship
942 _ddc
_cB
999 _c5123
_d5123